|
|
|
|
| LEADER |
00840nta a2200181 i 4500 |
| 001 |
dipl50447 |
| 005 |
20211018131017.0 |
| 008 |
150409s2012 hu om 0|| zxx d |
| 040 |
|
|
|a SZTE Diploma Repozitórium
|b hun
|
| 041 |
|
|
|a zxx
|
| 100 |
1 |
|
|a Madarasi Attila
|
| 245 |
1 |
0 |
|a Felhő-alapú számlázó alkalmazás fejlesztése CakePHP keretrendszer segítségével
|h [elektronikus dokumentum] /
|c Attila Madarasi
|
| 246 |
1 |
0 |
|a Cloud-based invoicing application development using CakePHP framework
|h [elektronikus dokumentum]
|
| 260 |
|
|
|c 2012
|
| 650 |
|
4 |
|a Természettudományok
|
| 700 |
1 |
|
|a Bohus Mihály
|e ths
|
| 856 |
4 |
0 |
|u http://diploma.bibl.u-szeged.hu/id/eprint/50447/1/2012_Madarasi_Attila_MAAECM_J_SZE_SZ.pdf
|z Dokumentum-elérés
|
| 856 |
4 |
0 |
|u http://diploma.bibl.u-szeged.hu/id/eprint/50447/7/2012_madarasi_attila_melleklet.tgz
|z Dokumentum-elérés
|